000 00598naa a2200217 i 4500
001 74394
003 ES-MaBCM
005 20241016120148.0
008 010420s2001 fra 000 0 fre d
021 _axx
035 _a(OCoLC)1365150054
040 _cES-MaBCM
041 0 _afre
043 _afra
100 1 _aTonon, Eric
_946512
245 1 0 _aLe risque-pays en Lituanie
_cEric Tonon
651 2 0 _aLituania
_9117325
650 2 7 _aSituación política
_960283
773 0 _aEn:
_tLe courrier des Pays de l'Est
_dParis : 2001
_w104826
_gnº 1011, janv., p. 61-70. - Loc. S.328
942 _cAREV
999 _c74394
_d74394